50 buildings you should know / (Record no. 11729)
[ view plain ]
| 000 -LEADER | |
|---|---|
| fixed length control field | 01763cam a22003257a 4500 |
| 001 - CONTROL NUMBER | |
| control field | 14851083 |
| 003 - CONTROL NUMBER IDENTIFIER | |
| control field | OSt |
| 005 - DATE AND TIME OF LATEST TRANSACTION | |
| control field | 20221020101915.0 |
| 008 - FIXED-LENGTH DATA ELEMENTS--GENERAL INFORMATION | |
| fixed length control field | 070515t2007 gw a f 001 0 eng d |
| 020 ## - INTERNATIONAL STANDARD BOOK NUMBER | |
| International Standard Book Number | 9783791338385 (pbk.) |
| 020 ## - INTERNATIONAL STANDARD BOOK NUMBER | |
| International Standard Book Number | 3791338382 (pbk.) |
| 035 ## - SYSTEM CONTROL NUMBER | |
| System control number | (OCoLC)ocn159701547 |
| 040 ## - CATALOGING SOURCE | |
| Original cataloging agency | UKM |
| Language of cataloging | eng |
| Description conventions | rda |
| Transcribing agency | UKM |
| Modifying agency | BAKER |
| -- | YDXCP |
| -- | BTCTA |
| -- | LIQ |
| -- | OHX |
| -- | NLF |
| -- | UPZ |
| -- | OSU |
| -- | CUY |
| -- | DLC |
| -- | EG-ScBUE |
| 082 04 - DEWEY DECIMAL CLASSIFICATION NUMBER | |
| Classification number | 720.9 |
| Item number | KUH |
| Edition number | 22 |
| 100 1# - MAIN ENTRY--PERSONAL NAME | |
| Personal name | Kühl, Isabel, |
| Relator term | author. |
| 9 (RLIN) | 5761 |
| 245 10 - TITLE STATEMENT | |
| Title | 50 buildings you should know / |
| Statement of responsibility, etc | Isabel Kuhl. |
| 246 3# - VARYING FORM OF TITLE | |
| Title proper/short title | Fifty buildings you should know |
| 264 #1 - PUBLICATION, DISTRIBUTION, ETC. (IMPRINT) | |
| Place of publication, distribution, etc | Munich ; |
| -- | London ; |
| -- | New York : |
| Name of publisher, distributor, etc | Prestel Verlag, |
| Date of publication, distribution, etc | [2007] |
| 264 #4 - PUBLICATION, DISTRIBUTION, ETC. (IMPRINT) | |
| Date of publication, distribution, etc | c2007 |
| 300 ## - PHYSICAL DESCRIPTION | |
| Extent | 171 pages : |
| Other physical details | illustrations (chiefly color) ; |
| Dimensions | 25 cm |
| 500 ## - GENERAL NOTE | |
| General note | Includes index. |
| 520 ## - SUMMARY, ETC. | |
| Summary, etc | The fifty buildings presented here in chronological order represent the most compelling, intriguing, and awe-inspiring structures from all over the world. Along with the Pyramids of Cheops, the Parthenon, and the Colosseum, readers will learn about other masterpieces such as the Hagia Sophia in Turkey; Cambodia's Temple Complex at Angkor Wat; the Potala Palace in Lhasa; and the Jewish Museum in Berlin. Each entry features full color photographs of the structure along with informative text. From ancient Jordan and Guatemala to modern-day Manhattan and Munich, this world tour of great edifices offers a mini-course in architecture.--From publisher description. |
| 650 #7 - SUBJECT ADDED ENTRY--TOPICAL TERM | |
| Topical term or geographic name as entry element | Architecture |
| General subdivision | History. |
| Source of heading or term | BUEsh |
| 9 (RLIN) | 5762 |
| 650 #7 - SUBJECT ADDED ENTRY--TOPICAL TERM | |
| Topical term or geographic name as entry element | Historic buildings |
| Form subdivision | Guidebooks. |
| Source of heading or term | BUEsh |
| 9 (RLIN) | 5763 |
| 650 #7 - SUBJECT ADDED ENTRY--TOPICAL TERM | |
| Topical term or geographic name as entry element | Buildings |
| Form subdivision | Guidebooks. |
| Source of heading or term | BUEsh |
| 9 (RLIN) | 5764 |
| 653 ## - INDEX TERM--UNCONTROLLED | |
| Resource For college | Engineering, Architecture |
| 655 ## - INDEX TERM--GENRE/FORM | |
| Form subdivision | Reading book |
| 942 ## - ADDED ENTRY ELEMENTS (KOHA) | |
| Source of classification or shelving scheme | Dewey Decimal Classification |
| Koha item type | Book - Borrowing |
| Withdrawn status | Lost status | Source of classification or shelving scheme | Damaged status | Not for loan | Collection code | Home library | Current library | Shelving location | Date acquired | Source of acquisition | Cost, normal purchase price | Serial Enumeration / chronology | Total Checkouts | Total Renewals | Full call number | Barcode | Date last seen | Date checked out | Price effective from | Koha item type |
|---|---|---|---|---|---|---|---|---|---|---|---|---|---|---|---|---|---|---|---|---|
| Dewey Decimal Classification | Alahram | Central Library | Central Library | Second Floor | 03/06/2009 | 156.00 | 383 | 8 | 57 | 720.9 KUH | 000016476 | 15/07/2025 | 19/03/2019 | 03/06/2009 | Book - Borrowing |